Fondo ético y significación política de la independencia judicial / (Record no. 172311)

MARC details
000 -LEADER
campo de control de longitud fija 00686nam a22001935i 4500
001 - NÚMERO DE CONTROL
campo de control 172311
003 - IDENTIFICADOR DE NÚMERO DE CONTROL
campo de control ES-MaACL
005 - FECHA Y HORA DE LA ÚLTIMA TRANSACCIÓN
campo de control 20250902114316.0
008 - DATOS DE LONGITUD FIJA--INFORMACIÓN GENERAL
campo de control de longitud fija 090625s1992 cl |||| | spa d
080 ## - NÚMERO DE LA CLASIFICACIÓN DECIMAL UNIVERSAL
Número de la Clasificación Decimal Universal 342.56
100 1# - ENTRADA PRINCIPAL--NOMBRE DE PERSONA
Nombre de persona Rivacoba y Rivacoba, Manuel de.
9 (RLIN) 97535
245 10 - MENCIÓN DEL TÍTULO
Título Fondo ético y significación política de la independencia judicial /
Mención de responsabilidad, etc. Manuel de Rivacoba y Rivacoba.
260 ## - PUBLICACIÓN, DISTRIBUCIÓN, ETC.
Lugar de publicación, distribución, etc. Valparaiso :
Nombre del editor, distribuidor, etc. Sociedad Chilena de Filosofía Jurídica y Social,
Fecha de publicación, distribución, etc. [1992]
300 ## - DESCRIPCIÓN FÍSICA
Extensión 30 p. ;
Dimensiones 21 cm.
650 14 - PUNTO DE ACCESO ADICIONAL DE MATERIA--TÉRMINO DE MATERIA
Término de materia o nombre geográfico como elemento de entrada Independencia judicial.
9 (RLIN) 140842
710 2# - ENTRADA AGREGADA--NOMBRE DE ENTIDAD CORPORATIVA
Nombre de entidad corporativa o nombre de jurisdicción como elemento de entrada Sociedad Chilena de Filosofía Jurídica y Social
9 (RLIN) 6651
852 ## - LOCALIZACIÓN
Ubicación ES-MaACL
Número de control de estantería 2251-F-18
Holdings
Estatus retirado Estado de pérdida Estado de daño No para préstamo Colección Biblioteca de origen Biblioteca actual Ubicación en estantería Fecha de adquisición Fuente de adquisición Total de préstamos Signatura topográfica completa Código de barras Visto por última vez Precio de reemplazo Tipo de ítem Koha
        Colección de folletos Biblioteca del Ateneo de Madrid Biblioteca del Ateneo de Madrid Depósito folletos 14/04/2011     2251-F-18 1186700 23/02/2023 23/02/2023 Folleto